| 000 | 00386nam a22001697a 4500 | ||
|---|---|---|---|
| 005 | 20160624120611.0 | ||
| 008 | 160624b xxu||||| |||| 00| 0 eng d | ||
| 020 | _a978-0-07-462293-3 | ||
| 041 | _aeng | ||
| 082 | _b9519 | ||
| 100 |
_aNair, N.G. _9407 |
||
| 245 | _aProduction and Operations Mgt. | ||
| 260 |
_bTMH _c2008 |
||
| 300 | _a628 | ||
| 650 |
_aManagement _9241 |
||
| 942 | _cBK | ||
| 999 |
_c3818 _d3817 |
||